000 00831cab a2200277 4500
001 ABS53907
008 090401t1995 xxu||||| |||| 00| 0 eng d
035 _a(Sirsi) u7318
041 _aeng
100 _aHunt, J.
245 _aMarket gets a rocket
260 _c1995
350 _a0
490 _aProperty Week
_v53(6) 9 November 1995, 22-23(2)
520 _aConsiders the recent spate of mergers in the financial services sector and its effect on the property market. Table of mergers and estimated space requirements.
650 _aBANK PREMISES
650 _aBANKS
650 _aBUILDING SOCIETIES
650 _aFINANCIAL INSTITUTIONS
650 _aFINANCIAL SERVICES
650 _aMERGERS
650 _aPROPERTY REQUIREMENTS
690 _aPROPERTY-COMMERCIAL PROPERTY
942 _n0
948 _c04/03/1997
999 _c4408
_d4408